| 000 | 00419cam a2200157ua 4500 | ||
|---|---|---|---|
| 041 |
_aeng _h |
||
| 082 |
_a660.63 _bSHU/BI |
||
| 100 | _aShuler, Michael L . | ||
| 245 |
_aBioprocess engineering: basic concepts / _cMichael L Shuler. _hTextual Documents |
||
| 260 |
_a : _bPearson Education Asia , _c2006. |
||
| 300 |
_a573 ; _eCD. |
||
| 504 | _a | ||
| 700 | 1 | _aKargi, Fikret . | |
| 942 | _cBK | ||
| 999 |
_c13293 _d13293 |
||